MARC

LEADER 00000nam0a2200000 4500
001 273962
005 20231101234700.0
020 |a RU  |b 87-80472 
035 |a (RuTPU)RU\TPU\book\297172 
090 |a 273962 
100 |a 20141030d1987 k y0rusy5003 ca 
101 1 |a rus  |c eng 
102 |a RU 
105 |a a z 101zy 
200 1 |a Достижения в области непрерывной разливки стали  |e материалы международного конгресса , Лондон, 12-14 мая 1982 г.  |e пер. с англ.  |f пер. Д. П. Евтеев , И. Н. Колыбалова 
210 |a Москва  |c Металлургия  |d 1987 
215 |a 223 с.  |c ил.  |d 20 см 
320 |a Библиогр. в конце докл. 
320 |a Предм. указ.: с. 221-223 
606 1 |a Сплавы  |x Разливка непрерывная  |2 stltpush  |3 (RuTPU)RU\TPU\subj\55904  |9 73858 
610 1 |a обработка 
610 1 |a методы 
610 1 |a конструктивные решения 
610 1 |a непрерывнолитые слитки 
610 1 |a изделия 
610 1 |a энергия 
610 1 |a экономия 
610 1 |a разливочные устройства 
610 1 |a заготовки 
610 1 |a блюмы 
610 1 |a катанки 
610 1 |a производство 
610 1 |a конгрессы 
675 |a 621.746(063)  |z rus  |v 3 
702 1 |a Евтеев  |b Д. П.  |4 730 
702 1 |a Колыбалова  |b И. Н.  |4 730 
712 1 2 |a Достижения в области непрерывной разливки стали  |c конгресс  |e Лондон  |f 1982 
801 0 |a RU  |b RuMRKP  |c 19950417  |g psbo 
801 1 |a RU  |b 63413507  |c 20141030 
801 2 |a RU  |b 63413507  |c 20170323  |g RCR 
942 |c BK